| 000 | 00395nam a22001697a 4500 | ||
|---|---|---|---|
| 003 | OSt | ||
| 005 | 20211231154250.0 | ||
| 008 | 211231b |||||||| |||| 00| 0 eng d | ||
| 020 | _a9781590597071 | ||
| 040 | _cHU | ||
| 082 | _a006.7 | ||
| 100 |
_aPurvis Michael _926677 |
||
| 245 | _aBeginning Google Application With PHP And Ajax | ||
| 260 | _aUSA | ||
| 300 | _f358 | ||
| 942 |
_2ddc _cBOOKS _n0 |
||
| 999 |
_c25622 _d25622 |
||